Non-landlocked Countries With the Least Coastline - Statistics

General Stats
  • This quiz has been taken 29 times
  • The average score is 5 of 10
Answer Stats
Hint Answer % Correct
12.4 Bosnia and Herzegovina
84%
2.5 Monaco
84%
18.7 Nauru
60%
22.9 Democratic Republic of the Congo
56%
29.0 Slovenia
56%
34.8 Togo
52%
16.0 Tuvalu
52%
16.2 Jordan
40%
36.0 Iraq
32%
39.8 Niue
0%
No matching quizzes found
Score Distribution
Percent of People with Each Score
Percentile by Number Answered
Your Score History
You have not taken this quiz